| 000 | 01033pam a2200301 a 4500 | ||
|---|---|---|---|
| 001 | 767 | ||
| 005 | 20230815101747.0 | ||
| 008 | 930601r19941954nyuab j 000 1 eng | ||
| 020 | _a0060234881 : | ||
| 020 | _a006023489X (lib. bdg.) | ||
| 040 |
_aDLC _cDLC _dDLC _beng |
||
| 050 | 0 | 0 |
_aPZ7.L58474 _bHo 1994 |
| 082 | 0 | 0 |
_a[Fic] _220 |
| 100 | 1 |
_aLewis, C. S. _q(Clive Staples), _d1898-1963. |
|
| 245 | 1 | 4 |
_aThe Silver Chair / _cC.S. Lewis ; illustrated by Pauline Baynes. |
| 250 | _aFirst Scholastic printing, January 1995 | ||
| 260 |
_aNew York : _bScholastic, _c1995 |
||
| 300 |
_a243 pages : _billustrations, map ; _c20 cm |
||
| 490 | 1 |
_aThe Chronicles of Narnia ; _vBook 6 |
|
| 505 | _aU | ||
| 520 | _aA boy and a talking horse share an adventurous and dangerous journey to Narnia to warn of invading barbarians. | ||
| 521 |
_a840
_bLexile |
||
| 521 |
_aU
_bRaz-Plus |
||
| 650 | 1 | _aFantasy. | |
| 700 | 1 |
_aBaynes, Pauline _eillustrator |
|
| 906 |
_a7 _bcbc _corignew _d1 _eocip _f19 _gy-gencatlg |
||
| 942 |
_2ddc _cBK _n0 |
||
| 999 |
_c767 _d767 |
||